Access control in data management systems (Record no. 10899)

000 -LEADER
fixed length control field 00392 a2200157 4500
020 ## - INTERNATIONAL STANDARD BOOK NUMBER
International Standard Book Number 9781608453757
082 ## - DEWEY DECIMAL CLASSIFICATION NUMBER
Classification number 005.8
090 ## - LOCALLY ASSIGNED LC-TYPE CALL NUMBER (OCLC); LOCAL CALL NUMBER (RLIN)
-- 7094
-- 7094
100 ## - MAIN ENTRY--PERSONAL NAME
Personal name Ferrari, Elena
245 ## - TITLE STATEMENT
Title Access control in data management systems
Statement of responsibility, etc. Elena Ferrari
260 ## - PUBLICATION, DISTRIBUTION, ETC.
Name of publisher, distributor, etc. M&C Publishing
Date of publication, distribution, etc. 2010
300 ## - PHYSICAL DESCRIPTION
Extent 103 p.
650 ## - SUBJECT ADDED ENTRY--TOPICAL TERM
Topical term or geographic name entry element Data protection
700 ## - ADDED ENTRY--PERSONAL NAME
Personal name Elena Ferrari
942 ## - ADDED ENTRY ELEMENTS (KOHA)
Koha item type Book
Call number prefix 005.8 FER
Holdings
Withdrawn status Lost status Damaged status Not for loan Collection code Permanent Location Current Location Shelving location Date acquired Source of acquisition Cost, normal purchase price Total Checkouts Full call number Barcode Date last seen Price effective from Koha item type
          Central Library (CL) Central Library (CL) First Floor - Artificial Intelligence/Data Mining 04/20/2012 Global~Link Information Services 2617.52   005.8 FER SEECS011255 11/14/2012 01/05/2017 Book
© 2023 Central Library, National University of Sciences and Technology. All Rights Reserved.